[Event "FRA-ch U12"]
[Site "Le Grand Bornand"]
[Date "2007.04.??"]
[Round "1"]
[White "Sarafian, Thomas"]
[Black "Vicherd, Valerian"]
[Result "1-0"]
[WhiteElo "1740"]
[BlackElo "1430"]
[PlyCount "65"]
[EventDate "2007.04.07"]
[EventType "swiss"]
[EventRounds "9"]
[EventCountry "FRA"]
[SourceTitle "CBM 118 Extra"]
[Source "ChessBase"]
[SourceDate "2007.07.04"]
[SourceVersion "1"]
[SourceVersionDate "2007.07.04"]
[SourceQuality "1"]

1. e4 e5 2. Nf3 Nc6 3. Bc4 h6 4. Nc3 Nf6 5. d4 exd4 6. Nxd4 Nxd4 7. Qxd4 Bb4 8. Bxf7+ Kxf7 9. Qxb4 d6 10. Be3 Re8 11. f4 c5 12. Qc4+ Be6 13. Qd3 Ng4 14. 0-0-0 Nxe3 15. Qxe3 Bg4 16. Rd2 Qb6 17. h3 Bf5 18. g4 Bd7 19. e5 Re6 20. Rhd1 c4 21. Qe2 Bb5 22. Rxd6 Rxd6 23. Rxd6 Qa5 24. Qe4 Be8 25. Qxb7+ Kg8 26. Qxa8 Kf8 27. Rd8 Qc5 28. Rxe8+ Kf7 29. e6+ Kg6 30. Qe4+ Kf6 31. Nd5+ Qxd5 32. Qxd5 c3 33. Qf5# 1-0